000 01229nam a2200241Ii 4500
003 JO-AjNU
005 20240630090745.0
008 230605s9999||||xx |||||||||||||| ||und||
040 _aJO-AjNU
_bara
_erda
_cJO-AjNU
041 _aara
050 1 4 _aK5495.2006
100 1 _aمحمد، بتول حسن
_eمعد
_965863
245 0 _aالنظام القانوني لتنفيذ الاحكام القضائية والتحكيمية الاجنبية في القانون العراقي " دراسة مقارنة "
_cاعداد بتول حسن محمد؛ اشراف طلال ياسين العيسى
264 3 1 _a2006
300 _a198 ورقة
336 _atext
_btxt
_2rdacontent
337 _aunmediated
_bn
_2rdamedia
338 _avolume
_bnc
_2rdacarrier
500 _aرسالة جامعية (ماجستيرفي القانون الخاص)--جامعة المستنصرية (جمهورية العرآق)، كلية القانون، 2006، يشتمل على المصادرالعربية والمصادر الأجنبية
650 4 _aالنظام القانوني -- الاحكام القضائية -- القانون العراقي
_945943
700 1 _aالعيسى، طلال ياسين
_964930
_eمشرف
942 _2lcc
_cTHS
999 _c23519
_d23519